000 01265nam a2200313 a 4500
001 ebr10554349
003 CaPaEBR
006 m u
007 cr cn|||||||||
008 120503s2011 enka sb 001 0 eng d
020 _z9781848859586
020 _z9780857720993 (e-book)
040 _aCaPaEBR
_cCaPaEBR
035 _a(OCoLC)794491116
043 _aa-tu---
050 1 4 _aDR568
_b.E47 2011eb
100 1 _aEmrence, Cem.
245 1 0 _aRemapping the Ottoman Middle East
_h[electronic resource] :
_bmodernity, imperial bureaucracy, and the Islamic state /
_cCem Emrence.
260 _aLondon :
_bI.B. Tauris,
_c2011.
300 _axii, 192 p. :
_bill.
490 1 _aLibrary of Ottoman studies ;
_vv. 31
504 _aIncludes bibliographical references and index.
533 _aElectronic reproduction.
_bPalo Alto, Calif. :
_cebrary,
_d2013.
_nAvailable via World Wide Web.
_nAccess may be limited to ebrary affiliated libraries.
651 0 _aTurkey
_xHistory
_yOttoman Empire, 1288-1918.
655 7 _aElectronic books.
_2local
710 2 _aebrary, Inc.
830 0 _aLibrary of Ottoman studies ;
_vv. 31.
856 4 0 _uhttp://site.ebrary.com/lib/rucke/Doc?id=10554349
_zAn electronic book accessible through the World Wide Web; click to view
999 _c197715
_d197715